| 000 | 00504nam a2200169 i 4500 | ||
|---|---|---|---|
| 001 | bg | ||
| 245 | 0 |
_aElectrical conductivity in ceramics and glass. Part A / _ced. by N.M. Tallan. |
|
| 260 |
_aNev York : _bMarcel Dekker, _c1974. |
||
| 490 | 1 | _aCeramic and Glass: Science and Technology | |
| 700 | 1 |
_aTallan, N. M. _eRed. |
|
| 830 | _aCeramic and Glass: Science and Technology | ||
| 040 | _cBPK | ||
| 041 | _apol | ||
| 080 | _a621.38:666 | ||
| 942 | _cKS | ||
| 008 | s pl f |000 0 pol | ||
| 999 |
_c26154 _d26154 |
||
| 856 |
_uhttp://koha.tu.koszalin.pl/cgi-bin/koha/opac-detail.pl?biblionumber=26154 _yKatalog online BPK |
||